| 000 | 00737nam a2200229 i 4500 | ||
|---|---|---|---|
| 001 | 66199 | ||
| 003 | ES-MaACL | ||
| 005 | 20240430132828.0 | ||
| 008 | 220111s1997 sp 001 0 spa | ||
| 020 | _a84-08-01995-3 | ||
| 080 | _a821.134.2-14"19" | ||
| 100 | 1 |
_aGala, Antonio, _d1936-2023 _9226511 |
|
| 245 | 1 | 0 |
_aPoemas de amor / _cAntonio Gala ; prólogo y edición de Pere Gimferrer. |
| 250 | _a7ª ed. | ||
| 260 |
_aBarcelona : _bPlaneta, _c1997. |
||
| 300 |
_a350 p. ; _c23 cm. |
||
| 700 | 0 |
_aGimferrer, Pere, _d1945- _957102 |
|
| 852 | 4 |
_aES-MaACL _jA-14858 _9 68690 _bR.152001 _cDEPO1 _dOlim: N-7858 _hDonación: Editorial |
|
| 942 |
_2udc _cMONOGRAFIA |
||
| 999 |
_c66199 _d66199 |
||